Esultiamo nel Signore (Record n. 103727)
[ formato base ]
| 000 -LEADER | |
|---|---|
| fixed length control field | 01198njm a2200313Ia 4500 |
| 001 - CONTROL NUMBER | |
| control field | 26057 |
| 003 - CONTROL NUMBER IDENTIFIER | |
| control field | IT-RoPAU |
| 005 - DATE AND TIME OF LATEST TRANSACTION | |
| control field | 20220918181212.0 |
| 008 - FIXED-LENGTH DATA ELEMENTS--GENERAL INFORMATION | |
| fixed length control field | 131025s9999 xx 000 0 und d |
| 040 ## - CATALOGING SOURCE | |
| Original cataloging agency | IT-RoPAU |
| 040 ## - CATALOGING SOURCE | |
| Transcribing agency | IT-RoPAU |
| 041 ## - LANGUAGE CODE | |
| Language code of text/sound track or separate title | ITALIANO |
| 999 ## - SYSTEM CONTROL NUMBERS (KOHA) | |
| Koha Dewey Subclass [OBSOLETE] | NO |
| 100 ## - MAIN ENTRY--PERSONAL NAME | |
| Personal name | Ferrero Giovanni |
| 9 (RLIN) | 2311 |
| 100 ## - MAIN ENTRY--PERSONAL NAME | |
| Relator term | Autore musica |
| 9 (RLIN) | 15404 |
| 100 ## - MAIN ENTRY--PERSONAL NAME | |
| Miscellaneous information | Codice autore musica SPICS: 10895 |
| 9 (RLIN) | 2313 |
| 245 ## - TITLE STATEMENT | |
| Title | Esultiamo nel Signore |
| 250 ## - EDITION STATEMENT | |
| Edition statement | 1a ed. |
| 260 ## - PUBLICATION, DISTRIBUTION, ETC. (IMPRINT) | |
| Place of publication, distribution, etc. | ALBANO |
| 260 ## - PUBLICATION, DISTRIBUTION, ETC. (IMPRINT) | |
| Name of publisher, distributor, etc. | EP - MUSICALI E DISCOGRAFICHE |
| 300 ## - PHYSICAL DESCRIPTION | |
| Extent | DISCO |
| 500 ## - GENERAL NOTE | |
| General note | Musica religiosa, liturgica. Sette canti ritmici per la messa dei giovani |
| 505 ## - FORMATTED CONTENTS NOTE | |
| Formatted contents note | Il perdono io chiedo (introito) - La nostra voglia di cantare prendila tu (offertorio) - Alleluia! - Vieni, o Signore - Dacci il tuo pane (comunione) - Come potremo dimenticare? (congedo) - Grazie Signore |
| 511 ## - PARTICIPANT OR PERFORMER NOTE | |
| Participant or performer note | Direttore d'orchestra: Monti Ezio |
| 650 ## - SUBJECT ADDED ENTRY--TOPICAL TERM | |
| Topical term or geographic name as entry element | RELIGIOSO [DISCHI] |
| Relator term | Codice MATERIA SPICS: 9950 |
| 9 (RLIN) | 791 |
| 700 ## - ADDED ENTRY--PERSONAL NAME | |
| Personal name | Agostini Maurizio |
| Miscellaneous information | Codice interprete SPICS: 11331 |
| Relator term | Interprete |
| 9 (RLIN) | 15405 |
| 700 ## - ADDED ENTRY--PERSONAL NAME | |
| Personal name | Ferrero Giovanni |
| Relator term | Autore testo e musica |
| Miscellaneous information | Codice autore testo/musica SPICS: 10895 |
| 9 (RLIN) | 15406 |
| 942 ## - ADDED ENTRY ELEMENTS (KOHA) | |
| Koha item type | DISCHI |
| Source of classification or shelving scheme | Dewey Decimal Classification |
| Withdrawn status | Lost status | Damaged status | Not for loan | Home library | Current library | Date acquired | Total Checkouts | Full call number | Date last seen | Price effective from | Koha item type | Public note |
|---|---|---|---|---|---|---|---|---|---|---|---|---|
| Buone Condizioni | Not For Loan | SPICS-MEDIATECA | SPICS-MEDIATECA | 25/10/2013 | 26057 | 25/10/2013 | 25/10/2013 | DISCHI | Progr. Ins.: 5927 / N.Vol.: 1 / Copie: 1 - Copia rara: NO / date import: 01.01.2014 - By Epidotti, Trombetti, Vaglietti |